00635nam a2200205Ia 4500003000400000005001700004006001800021007000300039008004100042024001000083037001800093040001800111041001300129100001500142110008800157245006700245260000900312650002000321700008800341OSt20220930204115.0a|||||r|||| 00| 0ta220926b |||||||| |||| 00| 0 eng d a81364 cDissertations aCRLcCRLbeng 2engaeng aTripathy A aUniversity of Delhi. Faculty of Arts. Department of Library and Information Science 0aEvaluation of Indian reference sources in Delhi Public Library c1973 aLIBRARY SCIENCE aUniversity of Delhi. Faculty of Arts. Department of Library and Information Science